God's frozen people; (Record no. 1048)
[ view plain ]
| 000 -LEADER | |
|---|---|
| fixed length control field | 00684cam a22002291 4500 |
| 001 - CONTROL NUMBER | |
| control field | 1424616 |
| 003 - CONTROL NUMBER IDENTIFIER | |
| control field | OCoLC |
| 005 - DATE AND TIME OF LATEST TRANSACTION | |
| control field | 20180903152504.0 |
| 008 - FIXED-LENGTH DATA ELEMENTS--GENERAL INFORMATION | |
| fixed length control field | 800122s1965 pau b 000 0 eng |
| 010 ## - LIBRARY OF CONGRESS CONTROL NUMBER | |
| LC control number | 65010952 //r85 |
| 040 ## - CATALOGING SOURCE | |
| Original cataloging agency | DLC |
| Transcribing agency | DLC |
| Modifying agency | m.c. |
| -- | DAY |
| 050 0# - LIBRARY OF CONGRESS CALL NUMBER | |
| Classification number | BV687 |
| Item number | .G5 |
| 082 ## - DEWEY DECIMAL CLASSIFICATION NUMBER | |
| Classification number | 262.2 |
| Item number | G442G |
| 100 1# - MAIN ENTRY--PERSONAL NAME | |
| Personal name | Gibbs, Mark, |
| Dates associated with a name | 1920-1986 |
| 245 10 - TITLE STATEMENT | |
| Title | God's frozen people; |
| Remainder of title | a book for and about Christian laymen, |
| Statement of responsibility, etc. | by Mark Gibbs and T. Ralph Morton |
| 260 ## - PUBLICATION, DISTRIBUTION, ETC. | |
| Place of publication, distribution, etc. | Philadelphia, |
| Name of publisher, distributor, etc. | Westminster Press |
| Date of publication, distribution, etc. | [c1965] |
| 300 ## - PHYSICAL DESCRIPTION | |
| Extent | 192 p. |
| Dimensions | 19 cm |
| 504 ## - BIBLIOGRAPHY, ETC. NOTE | |
| Bibliography, etc. note | Bibliography: p. 189-192 |
| 650 #0 - SUBJECT ADDED ENTRY--TOPICAL TERM | |
| Topical term or geographic name entry element | Laity |
| 700 10 - ADDED ENTRY--PERSONAL NAME | |
| Personal name | Morton, T. Ralph |
| Fuller form of name | (Thomas Ralph), |
| Dates associated with a name | 1900-1977 |
| 942 ## - ADDED ENTRY ELEMENTS (KOHA) | |
| Source of classification or shelving scheme | Dewey Decimal Classification |
| Koha item type | Books |
| Withdrawn status | Lost status | Source of classification or shelving scheme | Damaged status | Not for loan | Collection code | Home library | Current library | Shelving location | Date acquired | Total Checkouts | Full call number | Barcode | Date last seen | Price effective from | Koha item type |
|---|---|---|---|---|---|---|---|---|---|---|---|---|---|---|---|
| Dewey Decimal Classification | Non-fiction | Harvest Mission College | Harvest Mission College | General Stacks | 03.09.2018 | 262.2 G442G | 002079 | 03.09.2018 | 03.09.2018 | Books |
